The Blundell Memorial Lectures (1992) ... current problems in property law ... (Record no. 86253)

MARC details
000 -LEADER
fixed length control field 01164cam a2200301 4500
001 - CONTROL NUMBER
control field M890
008 - FIXED-LENGTH DATA ELEMENTS--GENERAL INFORMATION
fixed length control field 090401t1992 xxu||||| |||| 00| 0 eng d
035 ## - SYSTEM CONTROL NUMBER
System control number (Sirsi) u6189
041 ## - LANGUAGE CODE
Language code of text/sound track or separate title eng
050 ## - LIBRARY OF CONGRESS CALL NUMBER
Classification number 346.41043
110 ## - MAIN ENTRY--CORPORATE NAME
Corporate name or jurisdiction name as entry element General Council of the Bar
9 (RLIN) 691
245 #4 - TITLE STATEMENT
Title The Blundell Memorial Lectures (1992) ... current problems in property law ...
260 ## - PUBLICATION, DISTRIBUTION, ETC.
Place of publication, distribution, etc. London
Name of publisher, distributor, etc. Instution and College Conferences
Date of publication, distribution, etc. 1992
300 ## - PHYSICAL DESCRIPTION
Extent 176p. ; 30cm.
350 ## - PRICE (NR) (BK AM CF MU VM SE) [OBSOLETE]
Price 0
490 ## - SERIES STATEMENT
Series statement Blundell Lectures
520 ## - SUMMARY, ETC.
Summary, etc. Papers:- Insolvency and leases/ Moss, Gabriel & Segal, Nick - The Landlord and Tenant Act 1987: what has gone wrong?/ Samson, John & Vivian, Graham - When is it safe to accept rent?/ Brock, Jonathan & Copland, Sandy - Recovering possession without a court order/ Dowding, Nicholas & Williams, Peter
650 ## - SUBJECT ADDED ENTRY--TOPICAL TERM
Topical term or geographic name entry element Insolvency
9 (RLIN) 6247
650 ## - SUBJECT ADDED ENTRY--TOPICAL TERM
Topical term or geographic name entry element LANDLORD AND TENANT ACT 1987
650 ## - SUBJECT ADDED ENTRY--TOPICAL TERM
Topical term or geographic name entry element LEASES
650 ## - SUBJECT ADDED ENTRY--TOPICAL TERM
Topical term or geographic name entry element POSSESSION
650 ## - SUBJECT ADDED ENTRY--TOPICAL TERM
Topical term or geographic name entry element RENT
690 ## - LOCAL SUBJECT ADDED ENTRY--TOPICAL TERM (OCLC, RLIN)
Topical term or geographic name as entry element PROPERTY LAW AND PRACTICE
710 ## - ADDED ENTRY--CORPORATE NAME
Corporate name or jurisdiction name as entry element Law Society of England and Wales
9 (RLIN) 1639
710 ## - ADDED ENTRY--CORPORATE NAME
Corporate name or jurisdiction name as entry element Royal Institution of Chartered Surveyors
9 (RLIN) 4900
942 ## - ADDED ENTRY ELEMENTS (KOHA)
Suppress in OPAC 0
Source of classification or shelving scheme Dewey Decimal Classification
948 ## - LOCAL PROCESSING INFORMATION (OCLC); SERIES PART DESIGNATOR (RLIN)
c (OCLC) 04/03/1997
Holdings
Withdrawn status Lost status Source of classification or shelving scheme Damaged status Not for loan Home library Current library Shelving location Date acquired Total Checkouts Full call number Barcode Date last seen Copy number Price effective from Koha item type
    Dewey Decimal Classification     London London Basement 08/10/1992   RESERVE SHELF 323 30032888 06/08/2019 3 06/08/2019 Reference material